| 000 | 00558nam a22001937a 4500 | ||
|---|---|---|---|
| 003 | 0 | ||
| 005 | 20230911143645.0 | ||
| 008 | 230811b xxu||||| |||| 00| 0 eng d | ||
| 020 | _a978-1-98467-283-4 | ||
| 050 |
_aGV 443 _b.T413 2022 |
||
| 110 | _a3G E-Learning | ||
| 245 |
_aEssentials of youth fitness _c3G e-learning |
||
| 260 |
_aUSA _b3G E-learning LLC _cc2022 |
||
| 300 |
_a322 p. : _bcol. ill. ; _c26 cm. _e1 CD |
||
| 500 | _aIncludes 1 DVD. | ||
| 504 | _aIncludes bibliographical references and indexes. | ||
| 650 | _aSports. | ||
| 942 |
_2lcc _cBK |
||
| 999 |
_c365119 _d365119 |
||